000 00497nam a2200157 i 4500
001 56440
003 ES-MaACL
005 20230906163353.0
007 t|
008 031009s1931 sp |||| | spa d
245 0 3 _aLa dictadura militar en la marina mercante
_b: a la Comisión de Marina de las Cortes Constituyentes.
260 _aBilbao :
_b[s.n.,
_c1931] (
_fImp. J. Santos)
300 _a18 p. ;
_c15 cm.
650 _aMarina mercante-
_zEspaña-
_yS.XX.
_9153541
852 _aES-MaACL
_j1706-F-17
999 _c56440
_d56440